000 00615nam a2200241Ia 4500
003 OSt
005 20221005042602.0
006 a|||||r|||| 00| 0
007 ta
008 221004b |||||||| |||| 00| 0 eng d
024 _a37027
037 _cTextual
040 _aCRL
_cCRL
_beng
041 _2eng
_aeng
082 _aOx, M5
100 _aPrescott Joseph
_9590633
245 0 _aAphorisms and other observations
260 _aDetroit
_bPrescott
_c1985
300 _a104p
_ccm.
650 _aENGLISH LITERATURE
942 _hOx, M5
_cTEXL
_2cc
999 _c950495
_d950495